000 00313nam a22001337a 4500
008 170505b xxu||||| |||| 00| 0 eng d
020 _a9780314152145
041 _aeng
080 _a343.9
100 _a14
101 _aSHJ
245 _aCRIMINAL PROCEDURES POST INVESTIGATION
_cLAFAVE.W.R
942 _2udc
_cBK
999 _c12728
_d12728